[Event "GER-ch NSV Online 1st"]
[Site "Playchess.com INT"]
[Date "2020.04.26"]
[Round "13"]
[White "Arntz, Christoph"]
[Black "Kettner Nikolaus, Frank"]
[Result "1-0"]
[WhiteElo "1892"]
[BlackElo "1950"]
[PlyCount "71"]
[EventDate "2020.04.26"]
[EventType "swiss (blitz)"]
[EventRounds "13"]
[EventCountry "GER"]
[SourceTitle "CBM 196 Extra"]
[Source "ChessBase"]
[SourceDate "2020.07.31"]
[SourceVersion "1"]
[SourceVersionDate "2020.07.31"]
[SourceQuality "1"]

1. f4 e5 2. fxe5 d6 3. exd6 Bxd6 4. Nf3 g5 5. g3 g4 6. Nh4 Be7 7. Ng2 f5 8. d4 Nf6 9. Bf4 c6 10. c4 Be6 11. Qd3 Ne4 12. Be5 Rf8 13. Nc3 Qa5 14. d5 cxd5 15. cxd5 Nxc3 16. Bxc3 Qxd5 17. e3 Nc6 18. Qxd5 Bxd5 19. Kf2 0-0-0 20. Bb5 Ne5 21. Bxe5 Bc6 22. Bxc6 bxc6 23. Rhd1 Kb7 24. Nf4 Bc5 25. Bd4 Bxd4 26. Rxd4 Rde8 27. Rd7+ Kb6 28. Rxh7 Rf6 29. Rc1 Rd6 30. Rc2 Rd1 31. Rh6 Ra1 32. Rhxc6+ Kb7 33. Rc7+ Kb6 34. a3 Ra2 35. Nd5+ Ka6 36. Nb4+ 1-0

[Event "GER-ch NSV Online 1st"]
[Site "Playchess.com INT"]
[Date "2020.04.26"]
[Round "8"]
[White "Poschadel, Andreas Gregor"]
[Black "Arntz, Christoph"]
[Result "1-0"]
[WhiteElo "1946"]
[BlackElo "1892"]
[PlyCount "115"]
[EventDate "2020.04.26"]
[EventType "swiss (blitz)"]
[EventRounds "13"]
[EventCountry "GER"]
[SourceTitle "CBM 196 Extra"]
[Source "ChessBase"]
[SourceDate "2020.07.31"]
[SourceVersion "1"]
[SourceVersionDate "2020.07.31"]
[SourceQuality "1"]

1. e4 c5 2. Nc3 e6 3. Nge2 Nc6 4. d3 d6 5. g3 Be7 6. Bg2 h6 7. 0-0 Nf6 8. f4 0-0 9. Be3 Ng4 10. Bd2 Nf6 11. Be3 e5 12. f5 Nd4 13. h3 a6 14. a4 Rb8 15. g4 b5 16. axb5 axb5 17. Bxd4 cxd4 18. Nb1 Nd7 19. Nd2 Bg5 20. Nf3 Be3+ 21. Kh1 Bb7 22. c3 dxc3 23. Nxc3 Bc6 24. Qe2 Bf4 25. Qf2 Nc5 26. Rad1 Qe7 27. Ne2 Bg5 28. h4 Bf6 29. Qg3 g5 30. fxg6 fxg6 31. g5 hxg5 32. hxg5 Bg7 33. Nh4 Be8 34. Rxf8+ Qxf8 35. Rf1 Qe7 36. Nc3 Bf7 37. Nd5 Bxd5 38. exd5 Qe8 39. b4 Nb3 40. Qf2 Nd4 41. Be4 Qe7 42. Qe3 Rf8 43. Rxf8+ Qxf8 44. Kg2 Qc8 45. Qf2 Qg4+ 46. Qg3 Qe2+ 47. Kh3 Qh5 48. Bxg6 Ne2 49. Bxh5 Nxg3 50. Kxg3 e4 51. dxe4 Be5+ 52. Kf3 Kg7 53. Nf5+ Kf8 54. Bg4 Bc3 55. Nxd6 Bxb4 56. Nxb5 Be7 57. Nd4 Bxg5 58. Ne6+ 1-0

[Event "Langenhagen Summer op 1st"]
[Site "Langenhagen"]
[Date "2019.07.04"]
[Round "2"]
[White "Steingraeber, Kai Uwe"]
[Black "Arntz, Christoph"]
[Result "0-1"]
[WhiteElo "2028"]
[BlackElo "1867"]
[PlyCount "62"]
[EventDate "2019.07.04"]
[EventType "swiss"]
[EventRounds "7"]
[EventCountry "GER"]
[SourceTitle "EXT 2020"]
[Source "ChessBase"]
[SourceDate "2019.10.17"]
[SourceVersion "1"]
[SourceVersionDate "2019.10.17"]
[SourceQuality "1"]

1. c4 Nf6 2. g3 e6 3. Bg2 d5 4. Nf3 c6 5. 0-0 Nbd7 6. b3 Bd6 7. Bb2 0-0 8. d3 Re8 9. e3 b6 10. Nd4 Bb7 11. f4 Rc8 12. g4 Nf8 13. g5 N6d7 14. Nc3 Bc5 15. Nc2 dxc4 16. bxc4 e5 17. d4 exd4 18. exd4 Bd6 19. Ne4 Bb8 20. Ne3 Rxe4 21. Bxe4 Qe7 22. Qf3 Re8 23. Nf5 Qxe4 24. Qxe4 Rxe4 25. d5 cxd5 26. Bxg7 Ne6 27. Bc3 Nxf4 28. Nh6+ Kf8 29. Bb4+ Kg7 30. h4 Rxc4 31. Bd2 Kg6 0-1